Footballers with the most Instagram followers - Statistics

General Stats
  • This quiz has been taken 31 times
  • The average score is 6 of 10
Answer Stats
Followers Footballer % Correct
584M Cristiano Ronaldo (584M)
100%
463M Lionel Messi (463M)
100%
103M Kylian Mbappé (103M)
96%
208M Neymar Jr. (208M)
96%
69M Karim Benzema (69M)
58%
58M Sergio Ramos (58M)
46%
59M Mohammed Salah (59M)
35%
58M Paul Pogba (58M)
35%
59M Zlatan Ibrahimović (59M)
27%
63M Marcelo (63M)
23%
No matching quizzes found
Score Distribution
Percent of People with Each Score
Percentile by Number Answered
Your Score History
You have not taken this quiz